[Event "40th World U20 ch"]
[Site "Peristeri GRE"]
[Date "2001.08.16"]
[Round "1.3"]
[White "Bu Xiangzhi"]
[Black "Carlsson, Pontus"]
[Result "1-0"]
[WhiteElo "2553"]
[BlackElo "2330"]
[EventDate "2001.08.16"]
[PlyCount "119"]

1.d4 Nf6 2.c4 e6 3.Nc3 Bb4 4.e3 c5 5.Ne2 b6 6.a3 Ba5 7.Rb1 Na6 8.d5 Bb7 9.
g3 b5 10.Bg2 bxc4 11.O-O Bxc3 12.Nxc3 Nxd5 13.Nxd5 exd5 14.Bxd5 Qb6 15.Qf3
Bxd5 16.Qxd5 Nc7 17.Qxc4 d5 18.Qa4+ Nb5 19.Qc2 O-O 20.b4 c4 21.a4 Nc7 22.
Bb2 Ne6 23.Rfd1 Rfd8 24.Bd4 Qc7 25.b5 Rd7 26.Qc3 Qd8 27.a5 Rb8 28.Be5 Ra8 
29.b6 axb6 30.axb6 Rb7 31.e4 Rxb6 32.Rxb6 Qxb6 33.exd5 Ng5 34.Kg2 f6 35.
Bd4 Qb5 36.Be3 Rd8 37.Qd4 c3 38.Qxc3 Rxd5 39.Qc8+ Kf7 40.Qc7+ Kg6 41.Qc2+ 
f5 42.Rb1 Qd3 43.Rb6+ Kh5 44.Qxd3 Rxd3 45.Rb5 g6 46.h3 h6 47.Ra5 Rc3 48.h4
Nf7 49.Kh3 Rc4 50.Rd5 Rb4 51.Rc5 Ra4 52.Bd2 Rd4 53.Bc1 Rb4 54.Rd5 Rb3 55.
Bd2 Ra3 56.Be3 Ra4 57.Bc5 Rc4 58.Be7 Rc3 59.Bf6 Rc4 60.Rd7 1-0

[Event "40th World U20 ch"]
[Site "Peristeri GRE"]
[Date "2001.08.16"]
[Round "1.4"]
[White "Guidarelli, Laurent"]
[Black "Potkin, Vladimir"]
[Result "1/2-1/2"]
[WhiteElo "2323"]
[BlackElo "2530"]
[EventDate "2001.08.16"]
[PlyCount "121"]

1.e4 e6 2.d4 d5 3.Nc3 Bb4 4.e5 Ne7 5.h4 c5 6.a3 Ba5 7.b4 cxd4 8.Nb5 Bc7 9.
f4 a5 10.Bb2 axb4 11.axb4 Rxa1 12.Bxa1 Nbc6 13.Qd2 Nf5 14.Bd3 O-O 15.Nxc7 
Qxc7 16.Ne2 Bd7 17.Bxf5 exf5 18.Bxd4 Rc8 19.Rh3 Be6 20.Bf2 Ra8 21.Qc3 Ra4 
22.Bc5 h6 23.Kd2 Ra2 24.Nc1 Ra4 25.Ne2 Qd8 26.Nd4 Qa8 27.Nxc6 bxc6 28.Rg3 
Qd8 29.Rh3 Qa8 30.Rg3 Ra2 31.Be7 Qa7 32.Qc5 Qxc5 33.Bxc5 Ra1 34.Rf3 Rb1 
35.g3 Bc8 36.Ra3 Be6 37.Ra6 Rh1 38.Rxc6 Bd7 39.Rd6 Ba4 40.Rxd5 Rh2+ 41.Ke3
Rxc2 42.Rd2 Rc3+ 43.Rd3 Rc2 44.Bd6 Bb5 45.Ra3 Kh7 46.Kd4 Rc4+ 47.Kd5 Rc2 
48.Bc5 Rd2+ 49.Bd4 Rc2 50.Rc3 Rd2 51.Kc5 Bf1 52.Rb3 Rc2+ 53.Kb6 Kg6 54.b5 
Kh5 55.e6 fxe6 56.Bxg7 Bc4 57.Rc3 Rxc3 58.Bxc3 Kg4 59.Bg7 h5 60.Bf6 Kxg3 
61.Bg5 1/2-1/2

[Event "40th World U20 ch"]
[Site "Peristeri GRE"]
[Date "2001.08.16"]
[Round "1.5"]
[White "Shaposhnikov, Evgeny"]
[Black "Karakehajov, Kalin"]
[Result "1-0"]
[WhiteElo "2519"]
[BlackElo "2316"]
[EventDate "2001.08.16"]
[PlyCount "61"]

1.e4 e5 2.Nf3 Nc6 3.Bc4 Bc5 4.c3 Nf6 5.d3 a6 6.Bb3 Ba7 7.O-O d6 8.Re1 Bg4 
9.Nbd2 Qd7 10.Nc4 O-O-O 11.Ne3 Bh5 12.Nf5 Rhg8 13.Ng3 Bg4 14.h3 Be6 15.Ba4
b5 16.Bc2 Ne7 17.d4 Ng6 18.Be3 c6 19.a4 Bb8 20.axb5 axb5 21.Ra6 Nf4 22.Ng5
h6 23.Nxe6 Nxe6 24.d5 cxd5 25.exd5 Qb7 26.Rc6+ Kd7 27.c4 Nc7 28.Nf5 Ncxd5 
29.cxd5 Nxd5 30.Qxd5 Qxc6 31.Qxf7+ 1-0

[Event "40th World U20 ch"]
[Site "Peristeri GRE"]
[Date "2001.08.16"]
[Round "1.7"]
[White "Acs, Peter"]
[Black "Zambrana, Oswaldo"]
[Result "0-1"]
[WhiteElo "2514"]
[BlackElo "2301"]
[EventDate "2001.08.16"]
[PlyCount "104"]

1.e4 c5 2.Nf3 Nc6 3.d4 cxd4 4.Nxd4 Nf6 5.Nc3 e5 6.Ndb5 d6 7.Bg5 a6 8.Na3 
b5 9.Bxf6 gxf6 10.Nd5 Bg7 11.Bd3 Ne7 12.Nxe7 Qxe7 13.c3 f5 14.Nc2 O-O 15.
O-O fxe4 16.Bxe4 Ra7 17.a4 bxa4 18.Rxa4 f5 19.Bd5+ Kh8 20.Qe2 e4 21.g3 Rc7
22.Rd1 Qg5 23.f4 exf3 24.Qxf3 Be5 25.Kh1 Rg7 26.Rf1 Bd7 27.Rh4 f4 28.Ne3 
Rf6 29.Rxf4 Bxf4 30.gxf4 Qh4 31.f5 Rh6 32.Rf2 Rg3 33.Rg2 Rxg2 34.Qxg2 Qe1+
35.Nf1 Qe8 36.Qg5 Qf8 37.Ng3 Rf6 38.Be4 Qh6 39.Qxh6 Rxh6 40.b4 Kg7 41.Kg1 
Bc8 42.c4 Kf6 43.b5 a5 44.b6 a4 45.b7 Bxb7 46.Bxb7 a3 47.Ne4+ Kxf5 48.Nc3 
Ke5 49.Kg2 Rh4 50.Bd5 Rd4 51.Kg1 Rd3 52.Na2 Rd1+ 0-1

[Event "40th World U20 ch"]
[Site "Peristeri GRE"]
[Date "2001.08.16"]
[Round "1.8"]
[White "Papp, Gabor"]
[Black "Sargissian, Gabriel"]
[Result "1/2-1/2"]
[WhiteElo "2291"]
[BlackElo "2514"]
[EventDate "2001.08.16"]
[PlyCount "118"]

1.e4 c6 2.c4 e5 3.Nf3 d6 4.Nc3 Nf6 5.d4 Nbd7 6.Be2 Be7 7.O-O O-O 8.Qc2 a6 
9.h3 b5 10.d5 cxd5 11.cxd5 Nb6 12.Be3 Bd7 13.Qb3 Qb8 14.Nd2 Rc8 15.Rfc1 h6
16.Qa3 Bd8 17.b4 Qb7 18.Kh1 Be8 19.Qb3 Rc7 20.Bd3 Rac8 21.f3 Nh5 22.Ne2 
Ng3+ 23.Kh2 Nxe2 24.Rxc7 Rxc7 25.Bxe2 Na4 26.Nb1 Qc8 27.Bd3 Bd7 28.a3 Bg5 
29.Bxg5 hxg5 30.Ra2 Kf8 31.Rc2 Ke7 32.Nd2 g6 33.Nf1 Qb8 34.Ne3 Rxc2 35.
Bxc2 Qa7 36.Kg3 Qd4 37.Qd3 Nb2 38.Qxd4 exd4 39.Nf1 Nc4 40.Bb3 Nxa3 41.Nd2 
Kf6 42.Kf2 Ke5 43.Ke2 Kf4 44.Kd3 Kg3 45.Kxd4 f6 46.Ke3 Kxg2 47.e5 fxe5 48.
Ne4 Nc4+ 49.Bxc4 bxc4 50.Nxd6 c3 51.Nf7 Bxh3 52.Nxe5 Bf5 53.d6 c2 54.Kd2 
Kf2 55.d7 Bxd7 56.Nxd7 Kxf3 57.Nf8 g4 58.Nxg6 g3 59.Nh4+ Ke4 1/2-1/2

[Event "40th World U20 ch"]
[Site "Peristeri GRE"]
[Date "2001.08.16"]
[Round "1.10"]
[White "Cernousek, Lukas"]
[Black "Bunzmann, Dimitrij"]
[Result "0-1"]
[WhiteElo "2262"]
[BlackElo "2509"]
[EventDate "2001.08.16"]
[PlyCount "86"]

1.e4 e6 2.Nf3 d5 3.e5 c5 4.b4 b6 5.c3 Qd7 6.bxc5 bxc5 7.d4 Ba6 8.Bxa6 Nxa6
9.Ba3 Nh6 10.O-O Be7 11.Nbd2 O-O 12.dxc5 Bxc5 13.Bxc5 Nxc5 14.c4 Rfd8 15.
Nb3 dxc4 16.Qxd7 Nxd7 17.Na5 Rdc8 18.Rfd1 Nb6 19.Rac1 Nf5 20.Nd2 c3 21.Ne4
Nd5 22.g3 Rc7 23.Rd3 Rac8 24.Kf1 h5 25.Ke2 Kf8 26.Kd1 c2+ 27.Kd2 Nb4 28.
Rc3 Rd7+ 29.Ke2 Rcd8 30.a3 Na2 31.R1xc2 Nxc3+ 32.Rxc3 Rd4 33.f3 R4d5 34.
Nc6 Rc8 35.Kf2 Nd4 36.Nxd4 Rxc3 37.Nxe6+ fxe6 38.Nxc3 Rxe5 39.a4 Rc5 40.
Nb5 a6 41.Nd4 Kf7 42.Ke3 Rc4 43.a5 Rc5 0-1

[Event "40th World U20 ch"]
[Site "Peristeri GRE"]
[Date "2001.08.16"]
[Round "1.11"]
[White "Vajda, Levente"]
[Black "Rathnakaran, Kantholi"]
[Result "1-0"]
[WhiteElo "2507"]
[BlackElo "2258"]
[EventDate "2001.08.16"]
[PlyCount "99"]

1.e4 e6 2.d4 d5 3.Nd2 Nf6 4.e5 Nfd7 5.Bd3 b6 6.c3 Ba6 7.Bxa6 Nxa6 8.Qa4 
Qc8 9.Ne2 c5 10.a3 Nc7 11.O-O Rb8 12.f4 b5 13.Qd1 g6 14.g4 h5 15.f5 gxf5 
16.gxf5 exf5 17.Kh1 Ne6 18.Nf3 Be7 19.Ng3 Ng7 20.Bg5 h4 21.Ne2 Bxg5 22.
Nxg5 Nf8 23.Nf4 Nge6 24.Ngxe6 fxe6 25.Rg1 Rb7 26.Nd3 c4 27.Nf4 a5 28.Rg5 
Qd8 29.Qg1 Rbh7 30.a4 Qd7 31.Qd1 Qe7 32.Rg2 b4 33.Qf3 b3 34.Rag1 Qd7 35.
Rg5 Re7 36.Nh5 Qxa4 37.Nf6+ Kd8 38.Rh5 Nh7 39.Qf2 Qa2 40.Qxh4 Qxb2 41.Ng8 
Qa3 42.Nxe7 Qxe7 43.Qxe7+ Kxe7 44.Rg7+ Kf8 45.Ra7 Kg8 46.Rh3 a4 47.Rg3+ 
Kf8 48.Rxa4 f4 49.Ra8+ Kf7 50.Ra7+ 1-0

[Event "40th World U20 ch"]
[Site "Peristeri GRE"]
[Date "2001.08.16"]
[Round "1.13"]
[White "Berg, Emanuel"]
[Black "Khamzin, Olzhas"]
[Result "1-0"]
[WhiteElo "2496"]
[BlackElo "2223"]
[EventDate "2001.08.16"]
[PlyCount "95"]

1.e4 c5 2.Nf3 d6 3.d4 cxd4 4.Nxd4 Nf6 5.Nc3 a6 6.Be3 e5 7.Nb3 Be6 8.f3 
Nbd7 9.Qd2 h5 10.O-O-O b5 11.Qf2 Rc8 12.Kb1 Be7 13.Bd3 Rxc3 14.bxc3 Qc7 
15.h3 h4 16.f4 Nh5 17.f5 Bc4 18.Rhe1 O-O 19.Be2 Ng3 20.Bf3 a5 21.Qd2 Rb8 
22.Bg5 Nf6 23.Bxf6 Bxf6 24.Qxd6 Qa7 25.Qc5 Qa8 26.Rd7 Rc8 27.Qa7 Qc6 28.
Qb7 Bxb3 29.Qxc6 Bxa2+ 30.Kxa2 Rxc6 31.Kb3 Rc4 32.Rb7 a4+ 33.Kb2 Bg5 34.
Rd7 Kf8 35.Rd5 b4 36.cxb4 Rxb4+ 37.Kc3 Rb8 38.Ra1 Ra8 39.Kb2 Be7 40.c4 a3+
41.Ka2 Rc8 42.Rc1 Bg5 43.Rc3 Nf1 44.c5 Bd2 45.Rcd3 Bb4 46.Rb3 Rxc5 47.Rxb4
Rc2+ 48.Kxa3 1-0

[Event "40th World U20 ch"]
[Site "Peristeri GRE"]
[Date "2001.08.16"]
[Round "1.14"]
[White "Zenklusen, Rico"]
[Black "Navara, David"]
[Result "0-1"]
[WhiteElo "2220"]
[BlackElo "2491"]
[EventDate "2001.08.16"]
[PlyCount "156"]

1.e4 c5 2.Nf3 d6 3.d4 cxd4 4.Nxd4 Nf6 5.Nc3 a6 6.Bg5 e6 7.f4 Nbd7 8.Qf3 
Qc7 9.O-O-O Be7 10.Bd3 h6 11.Bh4 g5 12.fxg5 Ne5 13.Qe2 Nfg4 14.Nf3 Nxf3 
15.gxf3 hxg5 16.Bg3 Ne5 17.f4 gxf4 18.Bxf4 Bd7 19.Rdf1 Rh7 20.h4 O-O-O 21.
h5 Rdh8 22.Kb1 Bf8 23.Nd1 Bh6 24.Bxh6 Rxh6 25.Ne3 Be8 26.Rh3 f6 27.Rfh1 
Qc5 28.Nc4 Rxh5 29.Rxh5 Rxh5 30.Rf1 Nxc4 31.Bxc4 Qe5 32.a3 Rh4 33.Bd3 Bb5 
34.Bxb5 Rxe4 35.Qf2 axb5 36.Qxf6 Re1+ 37.Ka2 Qxf6 38.Rxf6 Kd7 39.Kb3 Re3+ 
40.Kb4 Kc6 41.Rh6 e5 42.Rh4 Rf3 43.Rh7 Rg3 44.Rh8 Rg4+ 45.Kb3 Kc5 46.Kc3 
Rg3+ 47.Kd2 Kd4 48.Rh4+ e4 49.c3+ Kd5 50.Rh5+ Kc6 51.Rh4 Rg2+ 52.Ke3 Rxb2 
53.Kxe4 Rb3 54.Rh8 Rxa3 55.Kd4 Ra4+ 56.Kd3 Rg4 57.Rc8+ Kd7 58.Rb8 Kc7 59.
Rh8 b4 60.cxb4 Rxb4 61.Kc3 Rg4 62.Rf8 Kc6 63.Rc8+ Kd5 64.Rb8 Kc6 65.Rc8+ 
Kd5 66.Rb8 Rg7 67.Kd3 Rc7 68.Rh8 Kc5 69.Rh5+ Kb4 70.Rh1 Rc3+ 71.Kd4 b5 72.
Rh6 Rc1 73.Kd3 Kb3 74.Kd2 Rc2+ 75.Kd3 Rc6 76.Rh1 b4 77.Rh8 Kb2 78.Rb8 b3 
0-1

[Event "40th World U20 ch"]
[Site "Peristeri GRE"]
[Date "2001.08.17"]
[Round "2.2"]
[White "Mastrovasilis, Dimitrios"]
[Black "Shaposhnikov, Evgeny"]
[Result "0-1"]
[WhiteElo "2436"]
[BlackElo "2519"]
[EventDate "2001.08.16"]
[PlyCount "131"]

1.e4 c5 2.Nf3 e6 3.Nc3 a6 4.g3 Nc6 5.Bg2 Nf6 6.O-O e5 7.d3 d6 8.Nh4 g6 9.
f4 exf4 10.Bxf4 Bg7 11.Qd2 h6 12.Rae1 Ne5 13.Kh1 Be6 14.Nd5 Nh5 15.Be3 Ng4
16.Bg1 O-O 17.Ne3 Ne5 18.Qe2 Qg5 19.c3 Rac8 20.Nf3 Nxf3 21.Bxf3 Nf6 22.Qg2
Nd7 23.Be2 Ne5 24.d4 cxd4 25.cxd4 Ng4 26.Bxg4 Bxg4 27.Nxg4 Qxg4 28.Re2 Rc4
29.b3 Rc3 30.e5 dxe5 31.dxe5 Rc6 32.e6 fxe6 33.Rxf8+ Bxf8 34.h3 Qf5 35.Bd4
Qd3 36.Rd2 Qf5 37.Be3 h5 38.h4 Rd6 39.Bf4 Rxd2 40.Bxd2 Qb1+ 41.Qg1 Qxa2 
42.Qe3 Qb1+ 43.Kh2 Qf5 44.Bc3 Bc5 45.Bd4 Bd6 46.Qc3 e5 47.Bc5 Bxc5 48.Qxc5
Qe6 49.Qc7 Qxb3 50.Qd8+ Kg7 51.Qe7+ Qf7 52.Qxe5+ Kh7 53.Kg1 Qd7 54.Kh2 b5 
55.g4 hxg4 56.h5 Qf5 57.hxg6+ Kxg6 58.Qd6+ Qf6 59.Qd3+ Kg5 60.Kg1 Qe5 61.
Qd2+ Kf5 62.Qf2+ Ke4 63.Qe2+ Kd5 64.Qa2+ Kc5 65.Qxa6 Qd4+ 66.Kh2 0-1

[Event "40th World U20 ch"]
[Site "Peristeri GRE"]
[Date "2001.08.17"]
[Round "2.3"]
[White "Bunzmann, Dimitrij"]
[Black "Flores, Diego"]
[Result "0-1"]
[WhiteElo "2509"]
[BlackElo "2425"]
[EventDate "2001.08.16"]
[PlyCount "118"]

1.d4 Nf6 2.Nf3 g6 3.Bf4 Bg7 4.e3 O-O 5.Be2 d6 6.h3 b6 7.O-O Bb7 8.c4 Nbd7 
9.Nc3 Re8 10.Bh2 Ne4 11.Nxe4 Bxe4 12.Nd2 Bb7 13.Qc2 e5 14.d5 f5 15.e4 Rf8 
16.f4 exf4 17.exf5 Rxf5 18.Bg4 Rf8 19.Bxf4 Nc5 20.Rae1 Bc8 21.Bxc8 Rxc8 
22.b4 Qh4 23.Be3 Nd7 24.Ne4 Rxf1+ 25.Rxf1 Re8 26.Bf4 Be5 27.Qc1 Bd4+ 28.
Nf2 Re2 29.g3 Qf6 30.Qd1 Rxa2 31.Qg4 Nf8 32.Qc8 Bxf2+ 33.Rxf2 Rxf2 34.Kxf2
Qd4+ 35.Be3 Qxc4 36.Bh6 Qd4+ 37.Kf1 Qd3+ 38.Ke1 Qe4+ 39.Kf2 Qc2+ 40.Kf3 
Qd3+ 41.Kf2 Qf5+ 42.Qxf5 gxf5 43.Bg5 Kf7 44.Bd8 Ng6 45.Bxc7 Ke7 46.Ke3 Kd7
47.Bb8 a6 48.h4 Ne7 49.Kd4 Ng8 50.h5 h6 51.Ba7 Kc7 52.Ke3 Nf6 53.Kf4 Nxh5+
54.Kxf5 Nxg3+ 55.Ke6 h5 56.Bxb6+ Kxb6 57.Kxd6 h4 58.Ke6 Ne4 59.Ke5 h3 0-1

[Event "40th World U20 ch"]
[Site "Peristeri GRE"]
[Date "2001.08.17"]
[Round "2.4"]
[White "Neiksans, Arturs"]
[Black "Vajda, Levente"]
[Result "0-1"]
[WhiteElo "2435"]
[BlackElo "2507"]
[EventDate "2001.08.16"]
[PlyCount "82"]

1.e4 e5 2.Nf3 Nc6 3.Bc4 Bc5 4.d3 Nf6 5.Bb3 O-O 6.c3 d5 7.Nbd2 Bg4 8.h3 Bh5
9.Qe2 Re8 10.Nf1 dxe4 11.dxe4 Nd4 12.cxd4 exd4 13.Bc2 Nxe4 14.Bxe4 d3 15.
Qd1 f5 16.Be3 fxe4 17.g4 exf3 18.gxh5 Bb4+ 19.Nd2 Rxe3+ 20.fxe3 Qh4+ 21.
Kf1 Qg3 22.Rg1 Qxh3+ 23.Ke1 Qh2 24.Kf1 Qh3+ 25.Kf2 Bxd2 26.Qxf3 Bxe3+ 27.
Kxe3 Re8+ 28.Kf2 Re2+ 29.Qxe2 dxe2 30.Rh1 Qd3 31.Rae1 Qd4+ 32.Kf3 Qf6+ 33.
Ke3 Qxb2 34.Rxe2 Qb6+ 35.Kf4 Qd6+ 36.Ke3 Qg3+ 37.Kd2 Qf4+ 38.Re3 Qf2+ 39.
Kd3 h6 40.a3 Qa2 41.Ke4 Qg2+ 0-1

[Event "40th World U20 ch"]
[Site "Peristeri GRE"]
[Date "2001.08.17"]
[Round "2.5"]
[White "Bar, Roman"]
[Black "Berg, Emanuel"]
[Result "0-1"]
[WhiteElo "2412"]
[BlackElo "2496"]
[EventDate "2001.08.16"]
[PlyCount "52"]

1.e4 e6 2.d4 d5 3.e5 c5 4.c3 Nc6 5.Nf3 Bd7 6.a3 f6 7.Bd3 cxd4 8.cxd4 Nh6 
9.Bxh6 gxh6 10.O-O Bg7 11.Nc3 O-O 12.Re1 Be8 13.h3 Kh8 14.Bb5 Bh5 15.g4 
Bg6 16.Bxc6 bxc6 17.Qd2 f5 18.Re3 fxg4 19.hxg4 h5 20.g5 h6 21.Kg2 hxg5 22.
Rh1 Bh6 23.Qd1 Kg7 24.Nh2 g4 25.Re2 Rf4 26.Nf1 Qg5 0-1

[Event "40th World U20 ch"]
[Site "Peristeri GRE"]
[Date "2001.08.17"]
[Round "2.6"]
[White "Navara, David"]
[Black "Schneider, Dmitry"]
[Result "1-0"]
[WhiteElo "2491"]
[BlackElo "2405"]
[EventDate "2001.08.16"]
[PlyCount "61"]

1.e4 e6 2.d4 d5 3.Nd2 Nf6 4.e5 Nfd7 5.Bd3 c5 6.c3 Nc6 7.Ne2 cxd4 8.cxd4 f6
9.exf6 Nxf6 10.O-O Bd6 11.Nf3 Qc7 12.Bg5 O-O 13.Bh4 e5 14.dxe5 Nxe5 15.
Nxe5 Bxe5 16.Bg3 Bxg3 17.Nxg3 Qf4 18.Qb3 Kh8 19.Rae1 Bd7 20.Re7 Rac8 21.
Qxb7 Rc1 22.Qxa7 d4 23.Re2 Ng4 24.Qxd7 Nxf2 25.Bf5 Ng4 26.Qf7 Rxf1+ 27.
Nxf1 Qb8 28.Qb3 Qa7 29.Bxg4 d3+ 30.Re3 d2 31.Qd5 1-0

[Event "40th World U20 ch"]
[Site "Peristeri GRE"]
[Date "2001.08.17"]
[Round "2.7"]
[White "Dukic, Nikola"]
[Black "Izoria, Zviad"]
[Result "0-1"]
[WhiteElo "2374"]
[BlackElo "2487"]
[EventDate "2001.08.16"]
[PlyCount "64"]

1.d4 Nf6 2.c4 e6 3.Nc3 Bb4 4.Qc2 c5 5.dxc5 O-O 6.a3 Bxc5 7.Nf3 b6 8.Bg5 
Bb7 9.e4 h6 10.Bh4 Be7 11.Be2 Nh5 12.Bxe7 Qxe7 13.Qd2 Nc6 14.O-O-O Nf6 15.
Kb1 Rfd8 16.g4 Na5 17.Qf4 d5 18.exd5 exd5 19.Nd4 dxc4 20.Nf5 Be4+ 21.Ka2 
Bxf5 22.Qxf5 Rxd1 23.Rxd1 Rd8 24.Rg1 Qe6 25.Qxe6 fxe6 26.g5 hxg5 27.Rxg5 
Kf7 28.h4 Rd4 29.h5 Nd5 30.Nxd5 Rxd5 31.Rg4 c3 32.Rf4+ Ke7 0-1

[Event "40th World U20 ch"]
[Site "Peristeri GRE"]
[Date "2001.08.17"]
[Round "2.8"]
[White "Zhao, Zong Yuan"]
[Black "Markos, Jan"]
[Result "1-0"]
[WhiteElo "2359"]
[BlackElo "2479"]
[EventDate "2001.08.16"]
[PlyCount "71"]

1.e4 c5 2.Nf3 d6 3.d4 cxd4 4.Nxd4 Nf6 5.Nc3 a6 6.f4 Qc7 7.Nf3 Nbd7 8.Bd3 
g6 9.O-O Bg7 10.Qe1 O-O 11.Qh4 b5 12.f5 Re8 13.Bh6 Bb7 14.Kh1 Bh8 15.a3 
Rac8 16.Rae1 Nc5 17.Ng5 e6 18.fxg6 fxg6 19.Re3 Qe7 20.Rg3 Ncd7 21.Ne2 e5 
22.c3 Bg7 23.Bb1 Rf8 24.Ba2+ d5 25.Bxg7 Qxg7 26.Rgf3 Rce8 27.Qh3 Qe7 28.
exd5 Bxd5 29.Bxd5+ Nxd5 30.Rf7 h5 31.Qd3 Rxf7 32.Rxf7 Qd6 33.Ng3 Nc5 34.
Nxh5 Rd8 35.Qxd5 gxh5 36.Rf8+ 1-0

[Event "40th World U20 ch"]
[Site "Peristeri GRE"]
[Date "2001.08.17"]
[Round "2.9"]
[White "Panchanathan, Magesh Chandran"]
[Black "Korobov, Anton"]
[Result "1-0"]
[WhiteElo "2339"]
[BlackElo "2470"]
[EventDate "2001.08.16"]
[PlyCount "145"]

1.e4 c5 2.Nf3 d6 3.d4 cxd4 4.Nxd4 Nf6 5.Nc3 a6 6.f4 e6 7.Bd3 Be7 8.Be3 O-O
9.Qf3 Nc6 10.O-O Bd7 11.Rae1 Rc8 12.a4 Nxd4 13.Bxd4 Bc6 14.Qh3 g6 15.f5 e5
16.Be3 Nh5 17.Bh6 Qb6+ 18.Kh1 Qxb2 19.Bxf8 Rxf8 20.Nd5 Bxd5 21.exd5 Nf4 
22.Qf3 Qc3 23.g3 Nh5 24.Rb1 Qc8 25.Rb4 Qd7 26.Rfb1 Bd8 27.Qe4 Nf6 28.Qc4 
b6 29.Rf1 a5 30.Rb5 Qe7 31.Be4 Nd7 32.Rb3 Nc5 33.Rbf3 Qg5 34.Bd3 Qh5 35.
Kg2 g5 36.g4 Qh6 37.f6 e4 38.Bxe4 Re8 39.Bd3 Qf8 40.Rh3 h6 41.Qd4 Re5 42.
Rf5 Bc7 43.Qf2 Nxd3 44.Rxd3 Re4 45.Rd4 Qe8 46.Rxe4 Qxe4+ 47.Kh3 Kf8 48.Qf3
Qxc2 49.Qe3 Bd8 50.Qa3 Kg8 51.Rf3 Kh7 52.Qd3+ Qxd3 53.Rxd3 Bxf6 54.Kg2 Be5
55.Rb3 Bd4 56.Kf3 Kg6 57.Ke4 Bg1 58.h3 Bc5 59.Rf3 f6 60.Rf1 Bb4 61.Kd3 Bc5
62.Kc4 h5 63.Kb5 hxg4 64.hxg4 Kf7 65.Kc6 Ke7 66.Kc7 Kf7 67.Kd7 Bb4 68.Rf2 
Bc5 69.Rf3 Bb4 70.Re3 f5 71.Re7+ Kf8 72.gxf5 Bc5 73.f6 1-0

[Event "40th World U20 ch"]
[Site "Peristeri GRE"]
[Date "2001.08.17"]
[Round "2.10"]
[White "Karttunen, Mika"]
[Black "Tomczak, Rafal"]
[Result "1-0"]
[WhiteElo "2466"]
[BlackElo "2358"]
[EventDate "2001.08.16"]
[PlyCount "69"]

1.d4 d5 2.Nf3 Nf6 3.c4 dxc4 4.e3 e6 5.Bxc4 c5 6.O-O a6 7.a4 Nc6 8.Qe2 cxd4
9.Rd1 d3 10.Rxd3 Qc7 11.Nc3 Bc5 12.h3 O-O 13.e4 Nd7 14.Kh1 Qb6 15.e5 Bxf2 
16.Bf4 Bc5 17.Rf1 Ne7 18.Ne4 Bb4 19.Nfg5 h6 20.Nf6+ gxf6 21.Nxe6 Ng6 22.
Rg3 Nxe5 23.Bxe5 Bxe6 24.Rxf6 Rfe8 25.Rfxg6+ fxg6 26.Rxg6+ Kf8 27.Qf3+ Ke7
28.Bxe6 Rf8 29.Bf6+ Ke8 30.Qe4 Qd6 31.Bd5+ Kd7 32.Rg7+ Kc8 33.Bxb7+ Kb8 
34.Be5 Rf1+ 35.Kh2 1-0

[Event "40th World U20 ch"]
[Site "Peristeri GRE"]
[Date "2001.08.17"]
[Round "2.11"]
[White "Simutowe, Amon"]
[Black "Du Shan"]
[Result "1/2-1/2"]
[WhiteElo "2462"]
[BlackElo "2352"]
[EventDate "2001.08.16"]
[PlyCount "111"]

1.d4 d6 2.Nf3 Bg4 3.e4 Nd7 4.Nc3 e5 5.Be3 Ngf6 6.Be2 Be7 7.a4 c6 8.h3 Bh5 
9.O-O O-O 10.Qd3 Bg6 11.Nd2 d5 12.f4 dxe4 13.Ndxe4 exf4 14.Bxf4 Nxe4 15.
Nxe4 Nf6 16.Bf3 c5 17.dxc5 Nxe4 18.Bxe4 Bxc5+ 19.Kh2 Qxd3 20.cxd3 Bxe4 21.
dxe4 Rfe8 22.Rfe1 Bd4 23.Re2 Be5 24.g3 Re7 25.Rd1 Rae8 26.Kg2 h6 27.Kf3 g5
28.Bxe5 Rxe5 29.Rd7 R8e7 30.Rxe7 Rxe7 31.Rd2 Kg7 32.Rd5 Rc7 33.Rb5 b6 34.
a5 bxa5 35.Rxa5 Rb7 36.Ra6 Rb3+ 37.Kg4 Re3 38.Rxa7 Rxe4+ 39.Kf3 Rb4 40.Ra3
Rxb2 41.g4 Rb4 42.Kg3 Kg6 43.Rc3 f6 44.Rf3 Ra4 45.Rf2 Ra3+ 46.Kg2 Ra6 47.
h4 gxh4 48.Kh3 h5 49.Rf4 hxg4+ 50.Kxg4 Ra5 51.Kxh4 Rg5 52.Rg4 Kf5 53.Rxg5+
fxg5+ 54.Kg3 g4 55.Kg2 Kf4 56.Kf2 1/2-1/2

[Event "40th World U20 ch"]
[Site "Peristeri GRE"]
[Date "2001.08.17"]
[Round "2.13"]
[White "Sedlak, Nikola"]
[Black "Bensenousi, Isk"]
[Result "1-0"]
[WhiteElo "2457"]
[BlackElo "2045"]
[EventDate "2001.08.16"]
[PlyCount "47"]

1.e4 c6 2.d4 d5 3.e5 Bf5 4.c3 e6 5.Be3 Nd7 6.Nd2 c5 7.Ngf3 Ne7 8.dxc5 Nc6 
9.b4 Ncxe5 10.Nxe5 Nxe5 11.Bb5+ Nc6 12.Nf3 a6 13.Bxc6+ bxc6 14.Nd4 Qc7 15.
Qa4 Kd7 16.Nxf5 exf5 17.O-O Be7 18.Rad1 Kc8 19.c4 dxc4 20.Bf4 Qb7 21.Qc2 
g6 22.Qxc4 a5 23.Qxf7 axb4 24.Qe6+ 1-0

[Event "40th World U20 ch"]
[Site "Peristeri GRE"]
[Date "2001.08.17"]
[Round "2.14"]
[White "Zambrana, Oswaldo"]
[Black "Schenk, Andreas"]
[Result "1/2-1/2"]
[WhiteElo "2301"]
[BlackElo "2455"]
[EventDate "2001.08.16"]
[PlyCount "122"]

1.e4 e6 2.d4 d5 3.Nd2 c5 4.dxc5 Bxc5 5.Bd3 Nf6 6.Qe2 Nc6 7.Ngf3 Nb4 8.O-O 
Nxd3 9.Qxd3 O-O 10.e5 Nd7 11.Nb3 Be7 12.Be3 b6 13.Bd4 a5 14.Qe3 Qc7 15.
Rac1 Ba6 16.Rfd1 Rfc8 17.h4 Qd8 18.g3 Rc6 19.Nbd2 Rac8 20.c3 b5 21.Kg2 h6 
22.g4 b4 23.Kh3 a4 24.Nf1 a3 25.bxa3 bxc3 26.Rxc3 Rxc3 27.Bxc3 Bxa3 28.Ng3
Qc7 29.Bd4 Bc1 30.Qb3 Rb8 31.Qc3 Qxc3 32.Bxc3 Ba3 33.Kg2 Bc4 34.g5 hxg5 
35.Nxg5 Bc5 36.f4 Ra8 37.Kh3 Ra3 38.Bd4 Bxd4 39.Rxd4 Bf1+ 40.Kh2 Rxa2+ 41.
Kh1 Bc4 42.N3e4 Nf8 43.Nd6 f6 44.exf6 gxf6 45.Ngf7 Be2 46.Rb4 Ra7 47.Nd8 
Rd7 48.N8b7 Bf3+ 49.Kg1 d4 50.Kf2 Bd5 51.Rb6 Bxb7 52.Nxb7 d3 53.Ke1 Rd4 
54.f5 Kf7 55.fxe6+ Nxe6 56.Rd6 Re4+ 57.Kd2 Nf4 58.Rxd3 Re2+ 59.Kd1 Rh2 60.
Rd7+ Kg6 61.Nc5 Rxh4 1/2-1/2

[Event "40th World U20 ch"]
[Site "Peristeri GRE"]
[Date "2001.08.17"]
[Round "2.19"]
[White "Miton, Kamil"]
[Black "Papp, Gabor"]
[Result "1-0"]
[WhiteElo "2516"]
[BlackElo "2291"]
[EventDate "2001.08.16"]
[PlyCount "183"]

1.Nf3 Nf6 2.c4 e6 3.g3 c5 4.Bg2 Nc6 5.O-O d5 6.d4 dxc4 7.dxc5 Qxd1 8.Rxd1 
Bxc5 9.Nbd2 c3 10.bxc3 O-O 11.Nb3 Be7 12.Nfd4 Rd8 13.Bg5 Bd7 14.Bxf6 Bxf6 
15.Nc5 Nxd4 16.cxd4 Bc6 17.Bxc6 bxc6 18.e3 Rab8 19.Nd3 Rb5 20.Rac1 Rd6 21.
a4 Ra5 22.Nc5 Rd5 23.Rc4 e5 24.Rb1 exd4 25.Rb8+ Rd8 26.Rxd8+ Bxd8 27.Rxd4 
Bb6 28.Nb3 Rd5 29.Rc4 Rd6 30.a5 Bd8 31.Nd4 Bxa5 32.Nxc6 Bb6 33.Nxa7 g6 34.
Nc6 Kg7 35.Ne5 Rd5 36.Nf3 h6 37.Kg2 Rd6 38.Rb4 Rc6 39.Ne5 Re6 40.Rb5 Bc7 
41.Nf3 Rd6 42.g4 Bd8 43.Nd4 Ra6 44.Rb7 Bf6 45.Ne2 Bg5 46.Kg3 Ra2 47.Nc3 
Ra5 48.Ne4 Bf6 49.h4 Ra4 50.Nxf6 Kxf6 51.Rb5 Rc4 52.f4 Rc6 53.Kf3 Rc4 54.
h5 Rc6 55.Ra5 Rb6 56.Rd5 Ke6 57.Ra5 Kf6 58.hxg6 fxg6 59.Ra7 g5 60.f5 h5 
61.gxh5 Kxf5 62.Rf7+ Ke6 63.Rg7 Rb5 64.Rc7 Re5 65.h6 Kf5 66.Rf7+ Kg6 67.h7
Re8 68.Re7 Ra8 69.Kg4 Rf8 70.Rb7 Re8 71.Re7 Rf8 72.Re5 Kxh7 73.Rxg5 Re8 
74.Kf4 Kh6 75.Rg4 Kh5 76.Rg5+ Kh6 77.Rg1 Rf8+ 78.Ke5 Re8+ 79.Kf6 Rf8+ 80.
Ke7 Rf3 81.e4 Re3 82.Kf6 Rf3+ 83.Ke6 Rf2 84.e5 Re2 85.Kf6 Rf2+ 86.Ke7 Rf3 
87.e6 Rf2 88.Ke8 Re2 89.e7 Re4 90.Rd1 Kg7 91.Kd7 Kf7 92.Rf1+ 1-0

[Event "40th World U20 ch"]
[Site "Peristeri GRE"]
[Date "2001.08.17"]
[Round "2.21"]
[White "Vaingorten, Yaqoov"]
[Black "Roiz, Michael"]
[Result "0-1"]
[WhiteElo "2194"]
[BlackElo "2511"]
[EventDate "2001.08.16"]
[PlyCount "64"]

1.d4 Nf6 2.c4 e6 3.Nf3 d5 4.cxd5 exd5 5.Nc3 c6 6.Bg5 Be7 7.e3 Bf5 8.Bd3 
Bxd3 9.Qxd3 Nbd7 10.O-O O-O 11.Bxf6 Nxf6 12.Rab1 a5 13.Ne5 Re8 14.Qf5 Bd6 
15.f4 Qe7 16.Rbe1 Bb4 17.Re2 Bxc3 18.bxc3 Ne4 19.Rc1 f6 20.Nf3 Qa3 21.Rec2
Re7 22.Qh3 Rae8 23.Nh4 Nd6 24.Re1 Qa4 25.Rb2 Qc4 26.Nf5 Nxf5 27.Qxf5 Qxc3 
28.Rbe2 Qa3 29.Kf2 Re4 30.Qd7 Qb4 31.Qc7 R4e7 32.a3 Qxe1+ 0-1

[Event "40th World U20 ch"]
[Site "Peristeri GRE"]
[Date "2001.08.17"]
[Round "2.22"]
[White "Horvath, Adam"]
[Black "Tsiamis, Konstantinos"]
[Result "0-1"]
[WhiteElo "2504"]
[BlackElo "2217"]
[EventDate "2001.08.16"]
[PlyCount "114"]

1.e4 c6 2.d4 d5 3.Nc3 dxe4 4.Nxe4 Nd7 5.Ng5 Ngf6 6.Bd3 e6 7.N1f3 Bd6 8.Qe2
h6 9.Ne4 Nxe4 10.Qxe4 Qc7 11.O-O b6 12.Qg4 Kf8 13.Bd2 c5 14.Rfe1 c4 15.Bf1
Bb7 16.Rad1 Bd5 17.Qh5 g6 18.Qh3 Bxf3 19.Qxf3 Re8 20.h4 Kg7 21.h5 g5 22.d5
e5 23.Qf5 b5 24.b3 Nb6 25.Ba5 Re7 26.bxc4 bxc4 27.Re4 Qc8 28.Qxc8 Rxc8 29.
g4 Nd7 30.Rxc4 Rxc4 31.Bxc4 Nf6 32.Bd8 Rb7 33.f3 Rb4 34.Bb3 Rf4 35.Kg2 e4 
36.Bxf6+ Kxf6 37.fxe4 Rxe4 38.Kf3 Rf4+ 39.Ke2 Ke5 40.c4 Re4+ 41.Kf3 f5 42.
c5 Bxc5 43.d6 Rf4+ 44.Kg3 Rxg4+ 45.Kf3 Rf4+ 46.Kg3 Rd4 47.d7 Rxd1 48.Bxd1 
Bb6 49.Bc2 Bc7 50.Kf3 g4+ 51.Kg3 Kf6+ 52.Kf2 Kg5 53.a4 Bb6+ 54.Kg2 f4 55.
Bg6 f3+ 56.Kg3 Bc7+ 57.Kf2 Kf4 0-1